Modelos educativos en la historia de américa latina /

Guardado en:
Autor Principal: Weinberg, Gregorio
Formato: Libro
Publicado: Buenos Aires : Kapelusz, 1984
Materias:
Etiquetas: Agregar Etiqueta
Sin Etiquetas, Sea el primero en etiquetar este registro!
LEADER 00497nam a22001695a 4500
001 CEM.cems006930
005 20060214000000.0
008 130507s1984##################000#0#####d
003 CEMS
082 0 4 |a 370.980 
100 1 |a Weinberg, Gregorio 
245 1 0 |a Modelos educativos en la historia de américa latina / 
260 |a Buenos Aires :  |b Kapelusz,  |c 1984 
300 |a 260 p. 
653 |a Educacion 
653 |a Educacion latinoamericana 
859 |a CEMS  |b BIB. CEMS - 11 de abril  |h 370.980  |i W43  |p 13378.85  |t Ej.1